Catholic University of Zimbabwe Library
Online Public Access Catalogue
(OPAC)

Studies in law, politics and society. (Record no. 32011)

MARC details
000 -LEADER
fixed length control field 02494nam a2200409Ka 4500
001 - CONTROL NUMBER
control field ocn664358265
003 - CONTROL NUMBER IDENTIFIER
control field OCoLC
005 - DATE AND TIME OF LATEST TRANSACTION
control field 20210303085416.0
006 - FIXED-LENGTH DATA ELEMENTS--ADDITIONAL MATERIAL CHARACTERISTICS
fixed length control field m u
007 - PHYSICAL DESCRIPTION FIXED FIELD--GENERAL INFORMATION
fixed length control field cr un|||||||||
008 - FIXED-LENGTH DATA ELEMENTS--GENERAL INFORMATION
fixed length control field 100917s2003 ne o 000 0 eng d
020 ## - INTERNATIONAL STANDARD BOOK NUMBER
International Standard Book Number 9781849502191 (electronic bk.) :
Terms of availability £64.95 ; € 94.95 ; $114.95
020 ## - INTERNATIONAL STANDARD BOOK NUMBER
International Standard Book Number 1849502196 (electronic bk.) :
Terms of availability £64.95 ; € 94.95 ; $114.95
020 ## - INTERNATIONAL STANDARD BOOK NUMBER
Canceled/invalid ISBN 0762310324 (hbk.)
020 ## - INTERNATIONAL STANDARD BOOK NUMBER
Canceled/invalid ISBN 9780762310326 (hbk.)
040 ## - CATALOGING SOURCE
Original cataloging agency ZJC
Language of cataloging eng
Transcribing agency ZJC
050 04 - LIBRARY OF CONGRESS CALL NUMBER
Classification number K18
Item number .E837 v. 29
072 #7 - SUBJECT CATEGORY CODE
Subject category code LAQ
Source bicssc
072 #7 - SUBJECT CATEGORY CODE
Subject category code LAW000000
Source bisacsh
080 ## - UNIVERSAL DECIMAL CLASSIFICATION NUMBER
Universal Decimal Classification number 340
082 04 - DEWEY DECIMAL CLASSIFICATION NUMBER
Classification number 340.115
Edition number 22
245 00 - TITLE STATEMENT
Title Studies in law, politics and society.
Number of part/section of a work Vol. 29
Medium [electronic resource] /
Statement of responsibility, etc. edited by Austin Sarat, Patricia Ewick.
260 ## - PUBLICATION, DISTRIBUTION, ETC.
Place of publication, distribution, etc. Amsterdam :
-- London :
Name of publisher, distributor, etc. JAI,
Date of publication, distribution, etc. 2003.
300 ## - PHYSICAL DESCRIPTION
Extent 1 online resource (ix, 164 p.)
505 0# - FORMATTED CONTENTS NOTE
Formatted contents note Law and cultural life. Theorizing the public domain : copyright and the development of a cultural commons / Debora Halbert -- The law and the anomaly of performance : baseball as cultural policy / Lara D. Nielsen. Law in domains of policy. Capital punishment and elite politics : dissensus and the death penalty in America / Judith Randle -- Welfare, democracy, and the reflexive legitimacy of the law / Kevin Olson -- Social class, drugs, gender and the limitations of the law : contrasting the elite prostitute with the street prostitute / Maureen A. Norton-Hawk. The place of religious values in legal life. The case for insincerity / John M. Kang.
520 ## - SUMMARY, ETC.
Summary, etc. This volume presents a diverse array of articles by an interdisciplinary group of scholars. Their work spans the social sciences, humanities, and law, and examines law and culture, the complex intersections of law and policy, and the place of religious values in legal life. The articles published here exemplify the exciting and innovative work now being done in interdisciplinary legal scholarship.
588 ## - SOURCE OF DESCRIPTION NOTE
Source of description note Description based on print version record.
650 #0 - SUBJECT ADDED ENTRY--TOPICAL TERM
Topical term or geographic name entry element Sociological jurisprudence.
650 #0 - SUBJECT ADDED ENTRY--TOPICAL TERM
Topical term or geographic name entry element Political sociology.
650 #7 - SUBJECT ADDED ENTRY--TOPICAL TERM
Topical term or geographic name entry element Law & society.
Source of heading or term bicssc
650 #7 - SUBJECT ADDED ENTRY--TOPICAL TERM
Topical term or geographic name entry element Law
General subdivision General.
Source of heading or term bisacsh
700 1# - ADDED ENTRY--PERSONAL NAME
Personal name Sarat, Austin.
700 1# - ADDED ENTRY--PERSONAL NAME
Personal name Ewick, Patricia.
776 08 - ADDITIONAL PHYSICAL FORM ENTRY
Relationship information Print version:
Title Studies in law, politics and society. Vol. 29.
Place, publisher, and date of publication Amsterdam : London : JAI, 2003
International Standard Book Number 0762310324
Record control number (OCoLC)51779610
856 40 - ELECTRONIC LOCATION AND ACCESS
Uniform Resource Identifier <a href="https://www.emerald.com/insight/publication/doi/10.1016/S1059-4337(2003)29">https://www.emerald.com/insight/publication/doi/10.1016/S1059-4337(2003)29</a>
913 ## -
-- SSbacklist
Holdings
Withdrawn status Lost status Source of classification or shelving scheme Damaged status Not for loan Home library Current library Shelving location Date acquired Total Checkouts Full call number Date last seen Uniform Resource Identifier Price effective from Koha item type
          Digital Library Digital Library Online Access 03.03.2021   K18 .E837 v. 29 03.03.2021 https://www.emerald.com/insight/publication/doi/10.1016/S1059-4337(2003)29 03.03.2021 eBook

OPENING HOURS

Weekdays: 0815hrs - 1800hrs
Weekends:0900hrs - 1200hrs

Closed for Mass:

Mon, Thur: 1200hrs - 1300hrs
Sunday & Public Holiday’s

CALL SUPPORT

0242-570570, 0242-570169
09200664, +263 8644140602

LOCATION

18443, Cranborne Avenue, Hatfield, Harare

Other Links


©2021 | CUZ Library